000 00387nam a2200181Ia 4500
001 19141
005 20260306171722.0
008 260306s9999||||xx |||||||||||||| ||und||
041 _aESP
082 _a658.8
_bL539
100 _aLexus
_eAUT
245 0 _aLa biblia del marketing
260 _c2013
300 _a
_c
650 _aGEN
654 _aCAN
942 _cLIB
_dJUS
_fJUS
_2ddc
_n
999 _c19141
_d19141